Estadísticas para Países Católicos

Haz click aquí para tomar la prueba!

Estadísticas generales

  • Esta prueba ha sido tomada 2,389 veces
    (1,174 desde el último reinicio)
  • La puntuación promedio es 31 de 47

Estadísticas de respuestas

% País % Correcto
69.6%España
98%
71.0%Argentina
96%
83.0%Italia
95%
60.0%Francia
95%
55.0%Chile
94%
75.1%Colombia
93%
81.0%México
93%
61.0%Brasil
92%
100%Ciudad del Vaticano
92%
76.0%Perú
90%
73.0%Venezuela
90%
84.5%Portugal
89%
74.0%Ecuador
87%
88.0%Paraguay
85%
76.0%Bolivia
83%
70.0%Panamá
83%
51.7%Cuba
82%
62.0%Costa Rica
79%
90.5%San Marino
77%
85.8%Polonia
76%
88.2%Andorra
76%
50.0%Nicaragua
75%
57.0%República Dominicana
74%
82.3%Mónaco
74%
58.0%Bélgica
73%
58.8%Austria
72%
78.3%Irlanda
72%
88.6%Malta
69%
54.7%Haití
67%
65.9%Luxemburgo
67%
81.4%Filipinas
66%
86.3%Croacia
62%
53.1%Eslovenia
59%
75.9%Liechtenstein
58%
62.0%Eslovaquia
52%
58.1%Dominica
44%
61.3%Santa Lucía
40%
80.7%Guinea Ecuatorial
37%
77.2%Lituania
35%
77.3%Cabo Verde
28%
73.5%Santo Tomé y Príncipe
23%
96.9%Timor Oriental
17%
50.0%Gabón
15%
76.2%Seychelles
14%
55.8%Kiribati
12%
54.7%E. F. de Micronesia
11%
62.1%Burundi
11%

Distribución de puntuación

Porcentaje por número respondido

Porcentaje de gente con cada puntuación

Historial de tus puntuaciones

No has tomado esta prueba desde el último reinicio